| 000 | 01010nam a2200265Ia 4500 | ||
|---|---|---|---|
| 003 | OSt | ||
| 005 | 20221005104328.0 | ||
| 006 | a|||||r|||| 00| 0 | ||
| 007 | ta | ||
| 008 | 221004b |||||||| |||| 00| 0 hin d | ||
| 020 |
_a8173155143 (hbk) _c500 |
||
| 024 | _a25354 | ||
| 037 |
_b19, 17/03/2016, P. K. Books _cTextual |
||
| 040 |
_aCRL _cCRL _bhin |
||
| 041 |
_2hin _ahin |
||
| 082 | _a4(P152)v, 152Q1 | ||
| 100 | _aचतुर्वेदी, जगदीश प्रसाद | ||
| 245 | 0 | _aहिन्दी पत्रकारिता का इतिहास | |
| 246 | _aHindī patrakāritā kā itihāsa | ||
| 260 |
_aदिल्ली _bप्रभात प्रकाशन भारत _c2011 |
||
| 300 |
_a394पृ0 _ccm. |
||
| 650 | _aहिन्दी पत्रकारिता | ||
| 942 |
_h4(P152)v, 152Q1 _cTEXL _2cc |
||
| 999 |
_c1012387 _d1012387 |
||